00483nam a2200145Ia 4500008004100000245006500041260005900106260000900165300001200174650001800186650001500204856002600219999001900245952007300264170221s9999 xx 000 0 und d 4aThe Impact of Top-Down Communication on Career Satisfaction  bOnline Journal of Communication and Media Technologies c2014 aXII : 2 xCommunication xMedia Arts uhttp://www.ojcmt.net/ c308805d308805 001040aCLbCLd2017-02-21l0r2017-02-21 00:00:00w2017-02-21yFOJ